[Event "OP-2016-0-04036"]
[Site "LSS email"]
[Date "2016.05.12"]
[Round "?"]
[White "Vayner, Artemiy"]
[Black "Stefanski, Adam"]
[Result "1-0"]
[WhiteElo "800"]
[BlackElo "1229"]
[PlyCount "33"]
[EventDate "2016.04.28"]
[EventType "tourn (corr)"]
[EventRounds "4"]
[EventCountry "GER"]
[SourceTitle "Corr 2022"]
[Source "ChessBase"]
[SourceDate "2021.10.24"]
[SourceVersion "1"]
[SourceVersionDate "2021.10.24"]
[SourceQuality "1"]

1. e4 c6 2. d4 d5 3. exd5 cxd5 4. Nc3 Nf6 5. Bf4 Bf5 6. Nb5 Qa5+ 7. b4 Qxb4+ 8. Bd2 Qa4 9. Nc7+ Kd8 10. Nxa8 Bxc2 11. Qc1 Ne4 12. Rb1 Nxd2 13. Rxb7 Nc6 14. Bb5 Qb4 15. Qxd2 Qb1+ 16. Ke2 Qxa2 17. Nf3 1-0

[Event "SE-2015-0-00214"]
[Site "LSS email"]
[Date "2015.12.05"]
[Round "?"]
[White "Stefanski, Adam"]
[Black "Wilshusen, Horst"]
[Result "0-1"]
[WhiteElo "1229"]
[BlackElo "1297"]
[PlyCount "80"]
[EventDate "2015.10.02"]
[EventType "tourn (corr)"]
[EventRounds "6"]
[EventCountry "GER"]
[SourceTitle "Corr 2022"]
[Source "ChessBase"]
[SourceDate "2021.10.24"]
[SourceVersion "1"]
[SourceVersionDate "2021.10.24"]
[SourceQuality "1"]

1. c4 e5 2. Nc3 Nc6 3. g3 Nf6 4. Bg2 Bb4 5. e3 0-0 6. Nge2 Re8 7. 0-0 Bf8 8. d4 exd4 9. Nxd4 Ne5 10. b3 c6 11. Bb2 d6 12. a4 a5 13. Qc2 g6 14. Nf3 Nxf3+ 15. Bxf3 Bh3 16. Bg2 Bxg2 17. Kxg2 Bg7 18. Rad1 Qc7 19. Kg1 Rad8 20. Rd2 Re6 21. Rfd1 h6 22. Ne2 Ne4 23. Rd3 Bxb2 24. Qxb2 Qe7 25. Nf4 Re5 26. Ne2 Qe6 27. Nf4 Qe7 28. Qa3 Nc5 29. R3d2 h5 30. h4 Kg7 31. Qb2 Kh6 32. Nh3 f6 33. Qc2 Ne4 34. Rd4 g5 35. hxg5+ fxg5 36. Kg2 Nf6 37. Ng1 c5 38. R4d2 b6 39. Nf3 Re4 40. Rd3 Ng4 0-1

[Event "OP-2015-0-03865"]
[Site "LSS email"]
[Date "2015.11.12"]
[Round "?"]
[White "Vodicka, Milan"]
[Black "Stefanski, Adam"]
[Result "1-0"]
[WhiteElo "2049"]
[BlackElo "1229"]
[PlyCount "27"]
[EventDate "2015.11.06"]
[EventType "tourn (corr)"]
[EventRounds "4"]
[EventCountry "GER"]
[SourceTitle "Corr 2022"]
[Source "ChessBase"]
[SourceDate "2021.10.24"]
[SourceVersion "1"]
[SourceVersionDate "2021.10.24"]
[SourceQuality "1"]

1. e4 c6 2. d4 d5 3. e5 Bf5 4. Nf3 e6 5. Be2 c5 6. Be3 Nc6 7. dxc5 Qa5+ 8. c3 Bxc5 9. b4 Bxb4 10. cxb4 Qxb4+ 11. Bd2 Qg4 12. Nc3 a6 13. 0-0 Qg6 14. Nh4 1-0

[Event "Podkarpackie-ch"]
[Site "Pstragowa"]
[Date "2015.01.05"]
[Round "6"]
[White "Stefanski, Adam"]
[Black "Czernikowska, Laura"]
[Result "1-0"]
[WhiteElo "1313"]
[BlackElo "1175"]
[PlyCount "109"]
[EventDate "2015.01.03"]
[EventType "swiss"]
[EventRounds "9"]
[EventCountry "POL"]
[SourceTitle "EXT 2019"]
[Source "ChessBase"]
[SourceDate "2018.10.10"]
[SourceVersion "1"]
[SourceVersionDate "2018.10.10"]
[SourceQuality "1"]

1. e4 c5 2. Nf3 Nc6 3. d4 cxd4 4. Nxd4 e5 5. Nb5 d6 6. N1c3 a6 7. Na3 b5 8. Nd5 Nf6 9. Bg5 Be7 10. Bxf6 Bxf6 11. c3 0-0 12. Nc2 Bg5 13. Be2 Be6 14. 0-0 Bxd5 15. Qxd5 Ne7 16. Qd3 Qc7 17. Nb4 Rfd8 18. Rfd1 Qb6 19. g3 Bh6 20. Bg4 g6 21. a3 Bg7 22. Qf3 Rf8 23. Rd3 Rad8 24. Rad1 a5 25. Nc2 Qc6 26. Ne3 Qb6 27. Qe2 Bh6 28. Nd5 Nxd5 29. Rxd5 b4 30. Rb5 Qa6 31. cxb4 axb4 32. Rxb4 Qxe2 33. Bxe2 Bg5 34. Rb6 Be7 35. b4 Ra8 36. Ra6 Rab8 37. Rc1 Bg5 38. Rcc6 Be7 39. b5 Rfd8 40. a4 Kg7 41. Ra7 Re8 42. Rcc7 Bf8 43. Rxf7+ Kh6 44. Rxh7+ Kg5 45. h4+ Kf6 46. Raf7+ Ke6 47. Bc4+ d5 48. Bxd5+ Kd6 49. Rf6+ Kc5 50. Rc7+ Kd4 51. Rc4+ Kd3 52. Rf3+ Kd2 53. Kf1 Bh6 54. Rcc3 Red8 55. Rfd3# 1-0

[Event "Podkarpackie-ch"]
[Site "Pstragowa"]
[Date "2015.01.04"]
[Round "4"]
[White "Dzwierzynski, Bartosz"]
[Black "Stefanski, Adam"]
[Result "1-0"]
[WhiteElo "1411"]
[BlackElo "1313"]
[PlyCount "90"]
[EventDate "2015.01.03"]
[EventType "swiss"]
[EventRounds "9"]
[EventCountry "POL"]
[SourceTitle "EXT 2019"]
[Source "ChessBase"]
[SourceDate "2018.10.10"]
[SourceVersion "1"]
[SourceVersionDate "2018.10.10"]
[SourceQuality "1"]

1. d4 Nf6 2. c4 e6 3. Nc3 Bb4 4. f3 d5 5. a3 Bxc3+ 6. bxc3 0-0 7. e3 b6 8. cxd5 exd5 9. Bd3 c6 10. Ne2 Be6 11. 0-0 Qc8 12. Ng3 Re8 13. Ra2 Nbd7 14. Raf2 Nf8 15. e4 dxe4 16. fxe4 Ng4 17. Rb2 Ng6 18. Nf5 Bxf5 19. exf5 Nf6 20. fxg6 hxg6 21. Qf3 c5 22. d5 c4 23. Bb1 Qc5+ 24. Rbf2 Rf8 25. Rd1 Rad8 26. Kh1 Rxd5 27. Rxd5 Qxd5 28. Qxd5 Nxd5 29. Bd2 Rd8 30. Bc2 Nc7 31. h3 Nb5 32. a4 Nc7 33. Be3 Re8 34. Bd4 Re1+ 35. Kh2 Re8 36. Kg3 Ne6 37. Re2 Rd8 38. Kf2 Re8 39. Bb1 Ng5 40. h4 Ne6 41. g3 Re7 42. Ba2 Rc7 43. Be3 Kf8 44. Bf4 Nxf4 45. gxf4 a6 1-0